| 000 | 00722cam a2200241u 4500 | ||
|---|---|---|---|
| 001 | 8265724 | ||
| 003 | ARRUPE | ||
| 005 | 20221121094951.0 | ||
| 008 | 820610s1925 enk 000 0 eng | ||
| 010 | _a 25023427 | ||
| 028 | _bArrupe | ||
| 040 |
_aDLC _cCarP _dDLC |
||
| 050 | 0 | 0 |
_aBL48 _b.C5 1925 |
| 100 | 1 |
_aChesterton, G. K. _q(Gilbert Keith), _d1874-1936. |
|
| 245 | 1 | 4 | _aThe everlasting man, |
| 260 |
_aLondon, _bHodder and Stoughton limited _c[1925] |
||
| 300 |
_av p., 2 l., _b3-316 p. _c23 cm. |
||
| 610 | 2 | 0 |
_aCatholic Church _vApologetic works. _94261 |
| 650 | 0 | _aReligion. | |
| 650 | 0 | _aChristianity and other religions. | |
| 906 |
_a0 _bcbc _cpremunv _du _encip _f19 _gy-gencatlg |
||
| 942 |
_2lcc _cMONOGRAPH |
||
| 999 |
_c131539 _d131539 |
||